书目信息 |
| 题名: |
建设监理概论
|
|
| 作者: | 韦志立 , 聂相田 主编 | |
| 分册: | ||
| 出版信息: | 北京 中国水利水电出版社 2001.11 |
|
| 页数: | 231页 | |
| 开本: | 26cm | |
| 丛书名: | ||
| 单 册: | ||
| 中图分类: | TV523-43 | |
| 科图分类: | ||
| 主题词: | 水利工程--工程施工--技术措施 | |
| 电子资源: | ||
| ISBN: | 7-5084-0825-X | |
| 000 | 00631nam0 2200205 45 | |
| 001 | 0261250197 | |
| 005 | 2002111817005020 | |
| 010 | @a7-5084-0825-X@dRMB 28.00 | |
| 100 | @a20021118d2001 km y0chiy0120 ea | |
| 101 | 0 | @achi |
| 200 | 1 | @a建设监理概论@Ajian she jian li gai lun@f韦志立,聂相田主编@Fwei zhi li,nie xiang tian zhu bian |
| 205 | @a2版 | |
| 210 | @a北京@c中国水利水电出版社@d2001.11 | |
| 215 | @a231页@d26cm | |
| 606 | 0 | @a水利工程@x工程施工@x技术措施 |
| 690 | @aTV523-43@v3 | |
| 701 | 0 | @a韦志立@Awei zhi li@4主编 |
| 701 | 0 | @a聂相田@Anie xiang tian@4主编 |
| 801 | 0 | @aCN@bPFT@c20021118 |
| 905 | @a10447@dTV523-43@eW525 | |
| 建设监理概论/韦志立,聂相田主编.-2版.-北京:中国水利水电出版社,2001.11 |
| 231页;26cm |
| ISBN 7-5084-0825-X:RMB 28.00 |
| ● |
| 相关链接 |
|
|
|
正题名:建设监理概论
索取号:TV523-43/W525
 
预约/预借
| 序号 | 登录号 | 条形码 | 馆藏地/架位号 | 状态 | 备注 |
| 1 | 360470 | 203604705 | 期刊室512/501自科库 78排2列5层/ [索取号:TV523-43/W525] | 在馆 | |
| 2 | 360471 | 203604714 | 自科库501/501自科库 78排2列5层/ [索取号:TV523-43/W525] | 在馆 | |
| 3 | 360472 | 203604723 | 自科库501/501自科库 78排2列5层/ [索取号:TV523-43/W525] | 在馆 |